LEADER 01689nam 2200493 a 450 001 9910700401103321 005 20110719103816.0 035 $a(CKB)5470000002408971 035 $a(OCoLC)715271512 035 $a(EXLCZ)995470000002408971 100 $a20110427d2011 ua 0 101 0 $aeng 135 $aurbn||||m|||| 181 $ctxt$2rdacontent 182 $cc$2rdamedia 183 $acr$2rdacarrier 200 10$a2010 annual report$b[electronic resource] $enew developments in human rights and the rule of law in China : roundtable before the Congressional-Executive Commission on China, One Hundred Eleventh Congress, second session, October 20, 2010 205 $a[Corr. print.] 210 1$aWashington :$cU.S. G.P.O.,$d2011. 215 $a1 online resource (ii, 17 pages) 300 $aTitle from PDF title screen (viewed on Apr. 27, 2011). 300 $aStar print. 300 $aPaper version available for sale by the Supt. of Docs., U.S. G.P.O. 517 $a2010 annual report 606 $aHuman rights$zChina 606 $aRule of law$zChina 606 $aPolitical prisoners$zChina 606 $aInternet$xCensorship$zChina 606 $aFreedom of information$zChina 606 $aFreedom of expression$zChina 606 $aFreedom of religion$zChina 615 0$aHuman rights 615 0$aRule of law 615 0$aPolitical prisoners 615 0$aInternet$xCensorship 615 0$aFreedom of information 615 0$aFreedom of expression 615 0$aFreedom of religion 801 0$bGPO 801 1$bGPO 906 $aBOOK 912 $a9910700401103321 996 $a2010 annual report$93487676 997 $aUNINA LEADER 03718nam 22006495 450 001 9911015623503321 005 20250712074757.0 010 $a3-031-88372-1 024 7 $a10.1007/978-3-031-88372-9 035 $a(MiAaPQ)EBC32201076 035 $a(Au-PeEL)EBL32201076 035 $a(CKB)39615339500041 035 $a(DE-He213)978-3-031-88372-9 035 $a(OCoLC)1528957932 035 $a(EXLCZ)9939615339500041 100 $a20250708d2025 u| 0 101 0 $aeng 135 $aurcnu|||||||| 181 $ctxt$2rdacontent 182 $cc$2rdamedia 183 $acr$2rdacarrier 200 10$aPhysical-Layer Security, Quantum Key Distribution, and Post-Quantum Cryptography /$fby Ivan B. Djordjevic 205 $a2nd ed. 2025. 210 1$aCham :$cSpringer Nature Switzerland :$cImprint: Springer,$d2025. 215 $a1 online resource (770 pages) 311 08$a3-031-88371-3 327 $aIntroduction -- Information theory and coding fundamentals -- Conventional cryptography fundamentals -- Physical-layer security (PLS) -- Quantum information processing and quantum information theory fundamentals -- Quantum key distribution (QKD) fundamentals -- Discrete-variable (DV) QKD Schemes -- Continuous-variable (CV) QKD Schemes -- Recent QKD schemes -- Covert, stealth, and low probability of intercepting -- (LPI) communications -- Postquantum cryptography -- Conclusion. 330 $aThis book introduces the reader to the most advanced topics of physical-layer security (PLS), cryptography, covert/stealth communications, and quantum key distribution (QKD), also known as the quantum cryptography, and post-quantum cryptography (PQC). So far, these topics have been considered as separate disciplines, even though they are targeting the same security problems we are facing today. The book integrates modern cryptography, physical-layer security, QKD, covert communication, PQC, and cyber security technologies. The book is intended for a very diverse group of readers in communications engineering, optical engineering, wireless communications, free-space optical communications, optical wireless communications, mathematics, physics, communication theory, information theory, photonics, as well as computer science. Unifies conventional cryptography, physical-layer security, QKD, and PQC; Requires no prerequisite material; all background material is provided in the Appendix chapter; Prepares readers to perform independent research in any of the areas listed above. . 606 $aTelecommunication 606 $aEngineering mathematics 606 $aEngineering$xData processing 606 $aSpintronics 606 $aComputer networks 606 $aCommunications Engineering, Networks 606 $aMathematical and Computational Engineering Applications 606 $aSpintronics 606 $aComputer Communication Networks 606 $aMicrowaves, RF Engineering and Optical Communications 615 0$aTelecommunication. 615 0$aEngineering mathematics. 615 0$aEngineering$xData processing. 615 0$aSpintronics. 615 0$aComputer networks. 615 14$aCommunications Engineering, Networks. 615 24$aMathematical and Computational Engineering Applications. 615 24$aSpintronics. 615 24$aComputer Communication Networks. 615 24$aMicrowaves, RF Engineering and Optical Communications. 676 $a621.382 700 $aDjordjevic$b Ivan B$0763019 801 0$bMiAaPQ 801 1$bMiAaPQ 801 2$bMiAaPQ 906 $aBOOK 912 $a9911015623503321 996 $aPhysical-Layer Security, Quantum Key Distribution and Post-quantum Cryptography$93038585 997 $aUNINA